Państwa, które mają puchar europejski w piłce nożnej - Statystyki

Ogólne statystyki
  • Ten quiz został rozwiązany 109 razy
  • Średni wynik to 13 z 16
Statystyki odpowiedzi
Liczba pucharów Państwo % Poprawnych
1(1, 0, 0) Francja
97%
34(20, 14, 0) Hiszpania
97%
23(12, 10, 1) Włochy
97%
15(8, 7, 0) Niemcy
95%
10(6, 4, 0) Holandia
91%
6(4, 2, 0) Portugalia
91%
25(15, 9, 1) Anglia
90%
2(0, 2, 0) Rosja
90%
1(0, 0, 1) Grecja
87%
1(0, 1, 0) Belgia
84%
1(1, 0, 0) Szkocja
75%
1(1, 0, 0) Rumunia
71%
2(0, 2, 0) Szwecja
71%
1(0, 1, 0) Ukraina
71%
1(0, 1, 0) Turcja
63%
1(1, 0, 0) Jugosławia
57%
Nie znaleziono quizów pasujących do podanych kryteriów
Rozkład punktacji
Procent ludzi z każdym wynikiem
Percentyl według liczby udzielonych odpowiedzi
Twoja historia wyników
Nie rozwiązałeś tego quizu